The green space frontier (Record no. 72930)

MARC details
000 -LEADER
fixed length control field 01158cam a2200217 4500
001 - CONTROL NUMBER
control field ABS66808
008 - FIXED-LENGTH DATA ELEMENTS--GENERAL INFORMATION
fixed length control field 030625n2003 000 0 eng u
035 ## - SYSTEM CONTROL NUMBER
System control number (Sirsi) u122750
100 ## - MAIN ENTRY--PERSONAL NAME
Personal name Schopen, F.
245 #4 - TITLE STATEMENT
Title The green space frontier
260 ## - PUBLICATION, DISTRIBUTION, ETC.
Date of publication, distribution, etc. 2003
490 ## - SERIES STATEMENT
Series statement Regeneration and Renewal
Volume/sequential designation 13 July 2003, 19-21(2)
520 ## - SUMMARY, ETC.
Summary, etc. Highlights the importance of urban green spaces and looks at how government and local authorities are trying to achieve them. Government set aside £201m for parks and open spaces in its sustainable communities plan which included a £89m liveability fund to help local authorities create green space strategies. Describes the progress made by local authorities and looks at some of the difficulties they have encountered such as lack of funding. Key factors for a successful strategy include making it understandable, incorporating partnerships and involving the local community as demonstrated by Bexley LBC.
590 ## - LOCAL NOTE (RLIN)
Local note ABS
650 ## - SUBJECT ADDED ENTRY--TOPICAL TERM
Topical term or geographic name entry element GREEN SPACES
650 ## - SUBJECT ADDED ENTRY--TOPICAL TERM
Topical term or geographic name entry element LOCAL AUTHORITIES
650 ## - SUBJECT ADDED ENTRY--TOPICAL TERM
Topical term or geographic name entry element URBAN REGENERATION
650 ## - SUBJECT ADDED ENTRY--TOPICAL TERM
Topical term or geographic name entry element OPEN SPACES
690 ## - LOCAL SUBJECT ADDED ENTRY--TOPICAL TERM (OCLC, RLIN)
Topical term or geographic name as entry element ENVIRONMENTAL AND LAND CONSULTANCY
942 ## - ADDED ENTRY ELEMENTS (KOHA)
Suppress in OPAC 0
Holdings
Withdrawn status Lost status Source of classification or shelving scheme Damaged status Not for loan Home library Current library Shelving location Date acquired Total Checkouts Full call number Barcode Date last seen Copy number Price effective from Koha item type
    Dewey Decimal Classification     London London Journal article 25/06/2003   ABS66808 122750-1001 06/08/2019 1 06/08/2019 Journal article